Loading...
| Current Events | 1 | 10.00 | 100% | 0% | 0% |
| Fine Arts - Auditory Fine Arts | 8 | 12.50 | 100% | 25% | 0% |
| Fine Arts - Visual Fine Arts | 10 | 10.00 | 80% | 20% | 0% |
| Geography | 5 | 18.00 | 100% | 60% | 20% |
| History - American History | 4 | 17.50 | 100% | 75% | 0% |
| History - Ancient History | 4 | 15.00 | 100% | 50% | 0% |
| History - European History | 3 | 10.00 | 100% | 0% | 0% |
| History - World History | 4 | 17.50 | 100% | 75% | 0% |
| Literature - American Literature | 2 | 10.00 | 100% | 0% | 0% |
| Literature - British Literature | 5 | 12.00 | 100% | 20% | 0% |
| Literature - European Literature | 4 | 12.50 | 100% | 25% | 0% |
| Literature - World Literature | 5 | 10.00 | 80% | 20% | 0% |
| Mythology | 3 | 13.33 | 100% | 33% | 0% |
| Other Academic | 1 | 10.00 | 100% | 0% | 0% |
| Philosophy | 2 | 10.00 | 100% | 0% | 0% |
| Religion | 5 | 14.00 | 100% | 40% | 0% |
| Science - Biology | 4 | 7.50 | 75% | 0% | 0% |
| Science - Chemistry | 4 | 10.00 | 75% | 25% | 0% |
| Science - Other Science | 6 | 11.67 | 83% | 33% | 0% |
| Science - Physics | 6 | 11.67 | 100% | 17% | 0% |
| Social Science | 7 | 14.29 | 100% | 29% | 14% |